Sports Quiz

Random Sports or NHL Quiz

Name the NHL team by Goalie Mask Quiz Stats

 Plays Quiz not verified by Sporcle

Challenge
Share
Tweet
Score 0/15 Timer 02:00
0 Plays Today
Picture Rows Correspond to Answer Column % Correct
Washington Capitals
88.6%
New Jersey Devils
88.1%
Pittsburgh Penguins
87.1%
Philadelphia Flyers
86.1%
St. Louis Blues
85.1%
Los Angeles Kings
84.7%
New York Rangers
82.7%
Montreal Canadiens
82.7%
Picture Rows Correspond to Answer Column % Correct
Dallas Stars
81.2%
Colorado Avalanche
80.7%
Carolina Hurricanes
77.2%
Buffalo Sabres
74.8%
Toronto Maple Leafs
70.3%
Edmonton Oilers
63.9%
Atlanta Thrashers
63.4%

You're not logged in!

Compare scores with friends on all Sporcle quizzes.
Join for Free
OR
Log In

You Might Also Like...

Show Comments

Extras

Created May 9, 2011ReportNominate
Tags:NHL Quiz, goalie, mask, team

Top Quizzes Today


Score Distribution

Your Account Isn't Verified!

In order to create a playlist on Sporcle, you need to verify the email address you used during registration. Go to your Sporcle Settings to finish the process.

Report this User

Report this user for behavior that violates our Community Guidelines.

Details: